| 000 | 00672nam a22001337a 4500 | ||
|---|---|---|---|
| 040 | _cRUA | ||
| 082 | _aVEM HE 2022 B1-518 Or. | ||
| 100 | _aHE DA,ហេ ដា | ||
| 245 | _aCASE ANTIBIOTIC RESISTANT SALMONELLA SPP. OF SUCKLING PIGLETS IN MUKH KAMPUL DISTRICT, KANDAL PROVINCE,ករណី SALMONELLA SPP. ស៊ាំនឹងឱសថអង់ទីប៊ីយ៉ូទិកលើកូនជ្រូក ស្រុកមុខកំពូល ខេត្តកណ្តាល | ||
| 260 |
_aphnom penh _brua _c2022 |
||
| 300 |
_aix.35p. _bill. _c29cm. |
||
| 856 | _uhttps://drive.google.com/file/d/13CiE2BMLcHustokYDQTjQHBcMJaxt-4J/view?usp=sharing | ||
| 942 | _cVEM | ||
| 999 |
_c23396 _d23396 |
||